000 00500cam a2200157 4500500
005 20260329002558.0
041 _afre
042 _adc
100 1 0 _aTenaillon, Nicolas
_eauthor
245 0 0 _aRomans, nouvelles et récits I, II
260 _c2012.
500 _a14
690 _aScott Fitzgerald
786 0 _nPhilosophie magazine | 65 | 12 | 2012-12-01 | p. 56-56 | 1951-1787
856 4 1 _uhttps://shs.cairn.info/magazine-philosophie-magazine-2012-12-page-56?lang=fr&redirect-ssocas=7080
999 _c1816307
_d1816307